Význam a prínos auditu pre procesne riadený podnik

Nástroje manažérskeho rozhodnutia v oblasti manažérstva kvality. Systematický, nezávislý a zdokumentovaný proces získavania dôkazov - audit. Špecifickým typom auditu je procesný audit, zameraný na procesy prebiehajúce v podniku.

Uložené v:
Podrobná bibliografia
Hlavný autor: Mošať, Miroslav
Médium: Kapitola
Jazyk:Slovak
Predmet:
Tagy: Pridať tag
Žiadne tagy, Buďte prvý, kto otaguje tento záznam!

MARC

LEADER 00000nla a2200000 4500
001 0163585
005 20240502072838.2
041 0 |a slo 
044 |a SK 
245 1 0 |a Význam a prínos auditu pre procesne riadený podnik  |c Miroslav Mošať 
520 |a Nástroje manažérskeho rozhodnutia v oblasti manažérstva kvality. Systematický, nezávislý a zdokumentovaný proces získavania dôkazov - audit. Špecifickým typom auditu je procesný audit, zameraný na procesy prebiehajúce v podniku. 
610 2 0 |a audit 
610 2 0 |a metódy riadenia 
610 2 0 |a kontroling podnikový 
610 2 0 |a metódy organizácie 
610 2 0 |a procesy podnikové 
610 2 0 |a riadenie procesné 
100 1 |a Mošať, Miroslav